01206cam a22002411 4500001001300000003000400013005001700017008004100034010003100075040004200106043001200148050001900160110008000179245037800259260004300637300003800680500003200718651004400750651003400794650006300828650002700891710004600918gs 26000215 DLC20260227111330.0070318s1924 dcu f000 0 eng c ags 26000215 z 2007618136 aU. S. Geol. Survey. LibrarycDLCdDLC an-usp--00aKF27b.I7 19231 aUnited States.bCongress.bHouse.bCommittee on Irrigation and Reclamation.10aProtection and development of lower Colorado River basin.bInformation presented to the Committee on Irrigation and Reclamation, House of Representatives, Sixty-eighth Congress, first session, in connection with H. R. 2903 by Mr. Swing. A bill to provide for the protection and development of the lower Colorado River basin. Hearings before the Federal Power Commission ... aWashington,bGovt. Print. Off.,c1924. avi, 212 p.bincl. tables.c23 cm. aAddison T. Smith, chairman. 0aColorado River Watershed (Colo.-Mexico) 0aColorado River (Colo.-Mexico) 0aHydroelectric power plantszColorado River (Colo.-Mexico). 0aWater-supplyzArizona.1 aUnited States.bFederal Power Commission.